00266nam a22000977a 4500008004100000020001800041100001400059245004900073260003800122300000800160240711b |||||||| |||| 00| 0 eng d a81-88327-72-7 aM. Chopra aThe Bharatiya Nagarik Suraksha Sanhita, 2023 aDelhibCapital Law Infotechc2024 a442